Представление документа в формате RUSMARC

ПолеНазваниеЗначение
  Тип записи a
  Библиографический уровень a
001 Контрольный номер RU/CBS_Ul/BASE/532011142
005 Дата корректировки 20240209175207.1
100 Данные общей обработки __
a Данные общей обработки 20161109d2016 ||| 0rusy0189 ca
101 Язык документа 0_
a Язык текста rus
102 Страна публикации __
a Страна публикации RU
105 Кодированные данные (монография) __
a Кодированные данные (монография) y###||||000|y
200 Заглавие и сведения об ответственности 1_
a Заглавие Профессор смеха
b Общее обозначение материала Текст
e Сведения, относящиеся к заглавию [о советском художнике-карикатуристе Константине Ротове]
f Первые сведения об ответственности Л. Степанова
300 Общие примечания __
a Общие примечания Ограничения по возрасту - 6+
461 Уровень набора _0
1 2000
a Эскиз
463 Уровень физической единицы _0
1 001RU/CBS_Ul/BASE/521230158
1 2000
a № 3
v С. 4-7 : цв. ил.
1 210
d 2016
600 Персоналии _0
a Персоналии (Фамилия) Ротов
b Персоналии (Имя, инициалы) К.П.
606 Тематические рубрики 0_
a Основная рубрика Ротов, Константин Павлович (1902 - 1959)
610 Ключевые слова 0_
a Ключевые слова книжная графика
a Ключевые слова графика книжная
a Ключевые слова карикатуры
a Ключевые слова художники советские
a Ключевые слова художники-графики
a Ключевые слова художники-карикатуристы
a Ключевые слова художники-иллюстраторы
a Ключевые слова иллюстраторы
a Ключевые слова Крокодил (журналы)
a Ключевые слова Весёлые картинки (журналы)
686 Индексы других классификаций __
a Классификационный индекс 85.153(2)6
2 Код системы ББК
700 Автор _1
a Фамилия Степанова
b Имя (инициалы) Л.
801 Источник записи _0
a Страна RU
b Организация МБУК ЦБС г. Ульяновска
c Дата составления 20161109
g Правила каталогизации RCR
801 Источник записи _1
a Страна RU
b Организация МБУК ЦБС г. Ульяновска
c Дата составления 20161109
g Правила каталогизации RCR
901 Тип документа __
t Тип документа b
w Контрольный № источника RU/CBS_Ul/BASE/521230158
910 Корректоры записи __
a Корректор записи Библиотека 1
938 Служебная информация __
a Имя БД period